| 000 -ლიდერი |
| ფიქსირებული სიგრძის საკონტროლო ველი |
01633nam a22002417a 4500 |
| 003 - საკონტროლო ნომრის იდენტიფიკატორი |
| საკონტროლო ველი |
Ge_BSU |
| 005 - ბოლო ოპერაციის თარიღი და დრო |
| საკონტროლო ველი |
20230403164109.0 |
| 008 - ფიქსირებული სიგრძის მონაცემთა ელემენტები - ზოგადი ინფორმაცია |
| ფიქსირებული სიგრძის საკონტროლო ველი |
230403s ge ||||| |||| 00| 0 geo d |
| 041 ## - ენის კოდი |
| Language code of text/sound track or separate title |
geo |
| 080 ## - უნივერსალური ათობითი კლასიფიკაციის ინდექსი |
| Universal Decimal Classification number |
94(479.22)(093 უცხ.) ხ-34 |
| 100 ## - მთავარი ჩანაწერი - პიროვნების სახელი |
| Personal name |
ხახუტაიშვილი, დავით |
| 9 (RLIN) |
17442 |
| 245 ## - ცნობა სათაურის შესახებ |
| Title |
შავიზღვისპირეთის ქართველური ტომები ბერძენ-ლათინი მწერლების ცნობებით : |
| Remainder of title |
სამტომეული. [ტ. 1] / |
| Statement of responsibility, etc |
დავით ხახუტაიშვილი ; სამტომეულის რედაქტორი ნანა ხაზარაძე; [ტომის რედ. ნანა ხახუტაიშვილი] |
| 264 ## - წარმოების, გამოცემის, დისტრიბუციის და სხვა ცნობები |
| გამოცემის, წარმოების, დისტრიბუციის... ადგილი |
ბათუმი : |
| გამოცემის, წარმოების, დისტრიბუციის... სახელწოდება |
შოთა რუსთაველის სახ. უნ-ტის გამ-ბა და სტ., |
| გამოცემის, წარმოების, დისტრიბუციის... თარიღი |
2009. |
| 300 ## - ფიზიკური აღწერა |
| Extent |
184გვ.; |
| Other physical details |
27 სმ. |
| 504 ## - BIBLIOGRAPHY, ETC. NOTE |
| Bibliography, etc |
ბიბლიოგრაფია ტექსტის შენიშვნებში და გვ. 175-183. |
| 653 ## - INDEX TERM--UNCONTROLLED |
| Uncontrolled term |
საქართველოს ისტორიის უცხოური წყაროები |
| 653 ## - INDEX TERM--UNCONTROLLED |
| Uncontrolled term |
კოლხეთის ისტორია |
| 653 ## - INDEX TERM--UNCONTROLLED |
| Uncontrolled term |
პონტოს სამეფო |
| 653 ## - INDEX TERM--UNCONTROLLED |
| Uncontrolled term |
ლაზიკის ისტორია. |
| 700 ## - ADDED ENTRY--PERSONAL NAME |
| Personal name |
ხაზარაძე, ნანა |
| Relator term |
რედაქტორი. |
| 9 (RLIN) |
17443 |
| 700 ## - ADDED ENTRY--PERSONAL NAME |
| Personal name |
ხახუტაიშვილი, ნანა |
| Relator term |
რედაქტორი |
| 9 (RLIN) |
17444 |
| 942 ## - ADDED ENTRY ELEMENTS (KOHA) |
| Source of classification or shelving scheme |
|
| Koha item type |
წიგნი |